000 00414nam a22001337a 4500
005 20180827130719.0
020 _a8120326989
_c625.00
035 _aB-182174, B-182176
245 _aImproving NET Application performance and Scalability/
260 _aNew Delhi
_bPrentice Hall of India
_c2005
300 _axivi,1097p.
_c23cms
700 _aHutnik, Stephen
_942168
942 _2ddc
_cEN
_h005.756
_mIMP
999 _c62974
_d62974